[Event "AUTO-OPEN-3485"]
[Site "http://www.queenalice.com/game.php?id=1360697"]
[Date "2015.5.20"]
[Round "1"]
[White "FranzMeM"]
[Black "Canaye"]
[Result "0-1"]
[WhiteElo "1511"]
[BlackElo "1869"]

1. e4 e6 2. d4 d5 3. exd5 Qxd5 4. Nf3 c5 5. Nc3 Qd8 6. dxc5 Qxd1+ 7. Nxd1 Bxc5
8. Bb5+ Bd7 9. Bxd7+ Nxd7 10. a3 Ne7 11. Nc3 O-O 12. Be3 Bxe3 13. fxe3 Nf5 14.
O-O-O Rfd8 15. e4 Ne3 16. Rd3 Nxg2 17. h4 Nc5 18. Rxd8+ Rxd8 19. Nd2 a6 20. h5
b5 21. Nf3 Nf4 22. Ng5 Rd4 23. Rf1 e5 24. Nf3 Rd6 25. Nxe5 Rf6 26. Ng4 Ne2+ 27.
Nxe2 Rxf1+ 0-1

[Event "AUTO-OPEN-3485"]
[Site "http://www.queenalice.com/game.php?id=1360698"]
[Date "2015.5.20"]
[Round "1"]
[White "Canaye"]
[Black "FranzMeM"]
[Result "1-0"]
[WhiteElo "1867"]
[BlackElo "1513"]

1. d4 d5 2. c4 h6 3. Nc3 dxc4 4. e3 e6 5. Bxc4 Nf6 6. Nge2 Bb4 7. O-O Bxc3 8.
Nxc3 a6 9. e4 b5 10. Bb3 Bb7 11. Re1 c6 12. d5 cxd5 13. exd5 Bxd5 14. Nxd5 Nxd5
15. Bxd5 O-O 16. Bb3 Qxd1 17. Rxd1 Nc6 18. Be3 Ne5 19. Rac1 g5 20. f4 gxf4 21.
Bxf4 Ng4 22. Rc5 h5 23. Rxh5 1-0

[Event "AUTO-OPEN-3485"]
[Site "http://www.queenalice.com/game.php?id=1360699"]
[Date "2015.5.20"]
[Round "1"]
[White "FranzMeM"]
[Black "Janivgm"]
[Result "0-1"]
[WhiteElo "1480"]
[BlackElo "2005"]

1. e4 e5 2. Nf3 Nf6 3. d3 Nc6 4. Bg5 Be7 5. Bxf6 Bxf6 6. Be2 d6 7. h3 O-O 8. a3
Be6 9. Nc3 a6 10. Nd5 Bxd5 11. exd5 Ne7 12. c3 Nxd5 13. O-O Re8 14. Qd2 b5 15.
b4 Nf4 16. a4 Qd7 17. a5 c5 18. Qb2 cxb4 19. Rfe1 bxc3 20. Qxc3 e4 21. Nd4 Rac8
22. Bg4 Qxg4 23. hxg4 Rxc3 24. dxe4 Bxd4 25. Rad1 Be5 26. f3 Rec8 27. g5 Rc1 28.
Rxc1 Rxc1 0-1

[Event "AUTO-OPEN-3485"]
[Site "http://www.queenalice.com/game.php?id=1360700"]
[Date "2015.5.20"]
[Round "1"]
[White "Janivgm"]
[Black "FranzMeM"]
[Result "1-0"]
[WhiteElo "2007"]
[BlackElo "1478"]

1. d4 d5 2. c4 e6 3. Nc3 Bb4 4. Nf3 Bxc3+ 5. bxc3 h6 6. cxd5 Qxd5 7. e3 Nf6 8.
g3 Ne4 9. Bg2 Nxc3 10. Qb3 Qxb3 11. axb3 O-O 12. Ne5 c6 13. O-O Ne2+ 14. Kh1
Nxc1 15. Rfxc1 Nd7 16. Nc4 Nf6 17. Ra3 e5 18. dxe5 Nd5 19. Rca1 Be6 20. Rxa7
Rxa7 21. Rxa7 Nc3 22. Rxb7 Bxc4 23. bxc4 Re8 24. Bxc6 Rxe5 25. Kg2 Rc5 26. Bb5
Nxb5 27. cxb5 f5 28. b6 Rc6 29. h4 Kh7 30. Kf3 Kg6 31. Rb8 Kh5 32. b7 Rc7 33. e4
fxe4+ 34. Kxe4 g5 35. hxg5 Kxg5 36. Rg8+ Kf6 37. b8=Q 1-0

[Event "AUTO-OPEN-3485"]
[Site "http://www.queenalice.com/game.php?id=1360701"]
[Date "2015.5.20"]
[Round "1"]
[White "FranzMeM"]
[Black "HELDER"]
[Result "0-1"]
[WhiteElo "1498"]
[BlackElo "1650"]

1. e4 Nf6 2. Nc3 c6 3. Be2 d5 4. d3 d4 5. e5 Nd5 6. Nxd5 Qxd5 7. Nf3 Nd7 8. Bf4
f6 9. exf6 exf6 10. a3 g5 11. Bd2 g4 12. Nh4 Qh5 13. g3 c5 14. Bxg4 Qd5 15. Qe2+
Ne5 16. Bf3 Qd7 17. Bf4 Bd6 18. Bxe5 fxe5 19. Bh5+ Kd8 20. O-O-O Qe6 21. b3 Rf8
22. Qd2 e4 23. Rde1 e3 24. fxe3 Qe5 25. exd4 Qxh5 26. dxc5 Qxc5 27. b4 Qd4 28.
c3 Qd5 29. c4 Qd4 30. Qc2 Qa1+ 31. Kd2 Qxa3 32. Rb1 Bxb4+ 33. Rxb4 Rf2+ 0-1

[Event "AUTO-OPEN-3485"]
[Site "http://www.queenalice.com/game.php?id=1360702"]
[Date "2015.5.20"]
[Round "1"]
[White "HELDER"]
[Black "FranzMeM"]
[Result "1-0"]
[WhiteElo "1639"]
[BlackElo "1509"]

1. e4 e6 2. Nh3 Be7 3. b3 h6 4. d4 a6 5. d5 e5 6. f4 d6 7. f5 Nf6 8. a4 Nxe4 9.
b4 Bxf5 10. b5 Bxh3 11. gxh3 c6 12. dxc6 bxc6 13. b6 Qxb6 14. Qf3 Bh4+ 15. Kd1
Qd4+ 16. Bd2 Nxd2 17. Nxd2 Qxa1+ 18. Ke2 Qxa4 19. Bg2 Qxc2 20. Rf1 Rf8 21. Qg4
Bg5 22. Be4 Qxd2+ 23. Kf3 Qc3+ 24. Kg2 Nd7 25. Bf5 Qb2+ 26. Rf2 Qb7 27. h4 Nf6
28. Qd1 c5+ 29. Rf3 e4 30. Qa4+ Ke7 31. Rb3 e3+ 32. Rxb7+ 1-0

[Event "AUTO-INT-3000"]
[Site "http://www.queenalice.com/game.php?id=1361060"]
[Date "2015.5.22"]
[Round "1"]
[White "valdekovic"]
[Black "FranzMeM"]
[Result "1-0"]
[WhiteElo "2030"]
[BlackElo "1526"]

1. d4 d5 2. c4 dxc4 3. Nc3 e6 4. e4 Bb4 5. Nf3 Nc6 6. Bxc4 Bxc3+ 7. bxc3 h6 8.
O-O Nge7 9. Re1 a6 10. Ba3 b5 11. Bf1 Bb7 12. Qd2 Na5 13. Rad1 Nc4 14. Bxc4 bxc4
15. Rb1 Bc6 16. Ne5 Bb5 17. Rb4 c6 18. Nxc4 Bxc4 19. Rxc4 Qc7 20. Rb1 a5 21. d5
exd5 22. exd5 Nxd5 23. Qxd5 cxd5 24. Rxc7 g5 25. g4 h5 26. gxh5 Rxh5 27. Re1+
Kd8 28. Ree7 f5 29. Rcd7+ Kc8 30. Rxd5 f4 31. Rf5 Rh8 32. Rxg5 Kd8 33. Reg7 1-0

[Event "AUTO-INT-3000"]
[Site "http://www.queenalice.com/game.php?id=1361061"]
[Date "2015.5.22"]
[Round "1"]
[White "FranzMeM"]
[Black "valdekovic"]
[Result "0-1"]
[WhiteElo "1528"]
[BlackElo "2047"]

1. e4 c5 2. Bc4 Nc6 3. Qf3 Ne5 4. Bxf7+ Nxf7 5. Ne2 d6 6. h3 Nf6 7. d3 Ne5 8.
Qe3 Be6 9. Nd2 Nf7 10. c4 Bd7 11. b3 e6 12. Bb2 Be7 13. Bxf6 Bxf6 14. Rb1 O-O
15. d4 cxd4 16. Nxd4 Qb6 17. Nxe6 Qxe3+ 18. fxe3 Bxe6 19. O-O Ne5 20. Rbc1 Bg5
21. Rxf8+ Rxf8 22. Re1 Bd7 23. Nb1 b5 24. cxb5 Bxb5 25. Nc3 Bc6 26. Nd5 Bxd5 27.
exd5 Nd3 28. Re2 Rf2 29. Rxf2 Bxe3 0-1

[Event "AUTO-INT-3000"]
[Site "http://www.queenalice.com/game.php?id=1361073"]
[Date "2015.5.22"]
[Round "1"]
[White "FranzMeM"]
[Black "vincenzo"]
[Result "1-0"]
[WhiteElo "1474"]
[BlackElo "1656"]

1. e4 e5 2. Nf3 f6 3. d4 d6 4. d5 Na6 5. Bxa6 bxa6 6. Nc3 c5 7. a3 Nh6 8. Bxh6
gxh6 9. b3 Bd7 10. b4 Qc8 11. h3 cxb4 12. axb4 Qxc3+ 13. Nd2 Qxb4 14. O-O f5 15.
exf5 Bxf5 16. Rxa6 Rg8 17. Nf3 Qc3 18. Nxe5 Qxe5 19. Re1 Be4 20. f3 Bxf3 21.
Rxe5+ dxe5 22. Qxf3 Rg6 23. Rxg6 hxg6 24. d6 Rd8 25. Qc6+ Rd7 26. Qc8+ Rd8 27.
d7+ Ke7 28. Qc5+ Kxd7 29. Qxa7+ Ke8 30. Qa4+ Kf7 31. c3 Kg7 32. h4 Be7 33. Kh2
Rc8 34. g3 Rxc3 35. Kh3 h5 36. Qd7 Kf7 37. Qd5+ Ke8 38. Qxe5 Rc5 39. Qb8+ Bd8
40. Kg2 Rc2+ 41. Kf3 Rc3+ 42. Kg2 Rc2+ 43. Kf1 Rc1+ 44. Ke2 Rc2+ 45. Kd1 Rc7 46.
Qb5+ Rd7+ 47. Kc2 Be7 48. Kb3 Kf8 49. Kc4 Ke8 50. Qc6 Kd8 51. Qxg6 Rc7+ 52. Kb5
Rc5+ 53. Kb6 Kd7 54. g4 Rd5 55. Qc6+ Kd8 56. Qxd5+ Ke8 57. Qxh5+ Kd7 58. g5 Bd8+
59. Kb7 1-0

[Event "AUTO-INT-3000"]
[Site "http://www.queenalice.com/game.php?id=1361080"]
[Date "2015.5.22"]
[Round "1"]
[White "FranzMeM"]
[Black "Cajucarol"]
[Result "1/2-1/2"]
[WhiteElo "1476"]
[BlackElo "1449"]

1. e4 e5 2. Bc4 Nf6 3. d3 Bc5 4. Bg5 h6 5. Bxf6 Qxf6 6. Nf3 Nc6 7. a3 Nd4 8. c3
Nxf3+ 9. Qxf3 Qxf3 10. gxf3 b6 11. Nd2 Bb7 12. b4 Bd6 13. h4 a5 14. O-O Bc6 15.
Bd5 Bb5 16. Bxa8 Bxd3 17. Rfe1 axb4 18. axb4 c5 19. Bd5 cxb4 20. Ra8+ Ke7 21.
Rxh8 bxc3 22. Nb3 Kf6 23. Rf8 Bxf8 24. Kg2 Kg6 25. Kg3 f5 26. exf5+ Kh5 27. f4
Bb4 28. Rxe5 c2 29. f6+ g5 30. Bf7+ Bg6 31. Bxg6+ Kxg6 32. Rd5 Kxf6 33. hxg5+
hxg5 34. Rxd7 Ba3 35. fxg5+ Kxg5 36. f4+ Kg6 37. Kg4 c1=Q 38. Nxc1 Bxc1 39. Rb7
Be3 40. Rb8 Kf6 41. f5 Bd4 42. Rb7 Ke5 43. Kg5 Kd5 44. f6 Bxf6+ 45. Kxf6 Kc5 46.
Ke6 Kc6 47. Rb8 b5 48. Rc8+ Kb6 49. Kd6 b4 50. Rc5 Ka6 51. Kc6 b3 52. Rb5 b2 53.
Rxb2 Ka5 54. Rb5+ Ka4 55. Kc5 Ka3 56. Kc4 Ka4 57. Kc5 Ka3 1/2-1/2

[Event "AUTO-INT-3000"]
[Site "http://www.queenalice.com/game.php?id=1361081"]
[Date "2015.5.22"]
[Round "1"]
[White "Cajucarol"]
[Black "FranzMeM"]
[Result "1/2-1/2"]
[WhiteElo "1450"]
[BlackElo "1475"]

1. d4 e6 2. Nf3 Be7 3. g3 d6 4. Nbd2 b6 5. b3 h6 6. Bg2 Bb7 7. e4 Nf6 8. Ba3
Bxe4 9. Nxe4 Nxe4 10. Ng1 d5 11. Bxe7 Qxe7 12. Nf3 Qb4+ 13. Kf1 Nd7 14. a3 Qb5+
15. c4 dxc4 16. Qe2 Nc3 17. Qxc4 Qxc4+ 18. bxc4 Rb8 19. Ne5 Nxe5 20. dxe5 O-O
21. Rc1 Na4 22. Bc6 Nc5 23. a4 Nd3 24. Rd1 Nxf2 25. Kxf2 f6 26. Rd7 fxe5+ 27.
Ke3 Rf7 28. a5 bxa5 29. Ba4 Rxd7 30. Bxd7 c5 31. Bxe6+ Kh8 32. Ra1 Rb2 33. Rxa5
Rxh2 34. Rxa7 Rb2 35. Rc7 Rb3+ 36. Ke4 Rxg3 37. Bf5 g6 38. Kxe5 gxf5 39. Kxf5
Rg5+ 40. Ke6 h5 41. Kd6 h4 42. Rxc5 Rg4 43. Rh5+ Kg7 44. c5 Kg6 45. Rh8 Kg7 46.
Re8 h3 47. Re1 h2 48. Rh1 Rg2 49. c6 Rd2+ 50. Kc7 Kf7 51. Kb7 Rb2+ 52. Kc7 Ke6
53. Kc8 Kd6 54. c7 Rc2 55. Kd8 Rxc7 56. Rxh2 Rd7+ 57. Kc8 Rc7+ 58. Kd8 Rd7+ 59.
Ke8 1/2-1/2

[Event "Challenge"]
[Site "http://www.queenalice.com/game.php?id=1429113"]
[Date "2016.6.25"]
[Round "-"]
[White "FranzMeM"]
[Black "ANGELOAZZURRO"]
[Result "1-0"]
[WhiteElo "1486"]
[BlackElo "1527"]

1. e4 e5 2. Nf3 f6 3. Bc4 d6 4. O-O Bg4 5. d3 Bxf3 6. Qxf3 Nc6 7. c3 h5 8. b4 a5
9. b5 Nce7 10. a4 c6 11. Na3 c5 12. Be3 Ng6 13. Bxg8 Rxg8 14. Qxh5 Kf7 15. Qd1
Rh8 16. d4 cxd4 17. cxd4 exd4 18. Qxd4 Rc8 19. Qd5+ Ke8 20. Qxb7 Ne5 21. Qd5 Ng4
22. Qe6+ Be7 23. Qxg4 g5 24. Qe6 Rb8 25. e5 dxe5 26. Bc5 Rb7 27. Bxe7 Rxe7 28.
Qxf6 Rf8 29. Qxg5 e4 30. Rad1 Qc8 31. Qg6+ Rff7 32. Rc1 Qb8 33. Nc4 Kf8 34. Nd6
Rg7 35. Rc8+ Qxc8 36. Nxc8 Rxg6 37. Nxe7 Kxe7 38. Re1 Re6 39. g3 Kf7 40. Kg2 Kf6
41. h3 Kg6 42. Re3 Re8 43. g4 Re5 44. Kg3 Kg7 45. Kf4 Re6 46. f3 Rf6+ 47. Kxe4
Rh6 48. f4 Kf7 49. f5 Rd6 50. h4 Rh6 51. h5 Kf6 52. Kf4 Rh7 53. g5+ Kg7 54. h6+
Kg8 55. Kg4 Rd7 56. g6 Rd6 57. h7+ Kh8 58. Re8+ Kg7 59. h8=Q# 1-0

[Event "AUTO-INT-3150"]
[Site "http://www.queenalice.com/game.php?id=1429589"]
[Date "2016.6.29"]
[Round "1"]
[White "FranzMeM"]
[Black "Guegoma"]
[Result "1-0"]
[WhiteElo "1504"]
[BlackElo "1511"]

1. e4 e5 2. Bc4 f5 3. exf5 d5 4. Qh5+ Ke7 5. Qg5+ Nf6 6. Nf3 dxc4 7. Nxe5 Nd7 8.
Nxd7 Qxd7 9. O-O Qxf5 10. Re1+ Kf7 11. Qxf5 Bxf5 12. d3 cxd3 13. cxd3 Bxd3 14.
Nc3 Bb4 15. Bd2 Rhe8 16. Rxe8 Rxe8 17. h3 Bxc3 18. Bxc3 Ne4 19. Bb4 c5 20. Ba3
b5 21. b3 c4 22. bxc4 bxc4 23. Bb4 Nf6 24. g4 h6 25. f3 Rb8 26. a3 Nd5 27. Bc5
a6 28. Bd4 Rb1+ 29. Rxb1 Bxb1 30. Kf2 c3 31. Ke1 c2 32. Kd2 Nf4 33. h4 g6 34.
Be3 Nd5 35. Bxh6 Nb6 36. h5 gxh5 37. gxh5 Nc4+ 38. Kc1 Nxa3 39. Kb2 1-0

[Event "AUTO-INT-3150"]
[Site "http://www.queenalice.com/game.php?id=1429602"]
[Date "2016.6.29"]
[Round "1"]
[White "Givanildo"]
[Black "FranzMeM"]
[Result "1-0"]
[WhiteElo "1716"]
[BlackElo "1500"]

1. e3 d6 2. Bb5+ Bd7 3. Bxd7+ Nxd7 4. Nf3 e6 5. O-O Be7 6. d4 Nh6 7. e4 c6 8.
Bxh6 gxh6 9. Nc3 b5 10. e5 d5 11. a3 a5 12. a4 b4 13. Ne2 Qb6 14. b3 f6 15. Qd2
fxe5 16. Qxh6 c5 17. Qh5+ Kd8 18. Nxe5 Nxe5 19. Qxe5 Kd7 20. Nf4 Qc7 21. Qxe6+
1-0

[Event "AUTO-INT-3150"]
[Site "http://www.queenalice.com/game.php?id=1429603"]
[Date "2016.6.29"]
[Round "1"]
[White "FranzMeM"]
[Black "Givanildo"]
[Result "0-1"]
[WhiteElo "1493"]
[BlackElo "1711"]

1. e4 d5 2. e5 e6 3. d4 Bd7 4. Nf3 h6 5. Bd3 Be7 6. a3 a6 7. c3 f6 8. exf6 Bxf6
9. Ne5 Ne7 10. Qh5+ g6 11. Nxg6 Nxg6 12. Bxg6+ Ke7 13. O-O Kd6 14. Bf4+ Kc6 15.
Nd2 Bg5 16. Be3 Be8 17. Bxe8+ Rxe8 18. Bxg5 hxg5 19. Nf3 Nd7 20. Nxg5 Nf6 21.
Nf7 Nxh5 22. Nxd8+ Raxd8 23. b3 e5 24. Rfe1 e4 25. Red1 e3 26. c4 e2 27. Rdc1
dxc4 28. Rxc4+ Kd7 29. Rcc1 Nf4 30. f3 Re3 31. b4 Rg8 32. Kf2 Rd3 33. Rc4 Rxg2+
0-1

[Event "AUTO-INT-3150"]
[Site "http://www.queenalice.com/game.php?id=1429612"]
[Date "2016.6.29"]
[Round "1"]
[White "FranzMeM"]
[Black "Slarty_Bartfast"]
[Result "0-1"]
[WhiteElo "1500"]
[BlackElo "1961"]

1. e4 d6 2. Bc4 Nf6 3. h3 Nxe4 4. Qf3 Ng5 5. Qh5 e6 6. d3 Be7 7. Bxg5 Bxg5 8.
Nf3 Bf6 9. c3 d5 10. Bb3 Nc6 11. O-O O-O 12. Nbd2 g6 13. Qg4 e5 14. Qa4 Qd6 15.
Rae1 Bd7 16. Bc2 Nd4 0-1

[Event "AUTO-INT-3150"]
[Site "http://www.queenalice.com/game.php?id=1429613"]
[Date "2016.6.29"]
[Round "1"]
[White "Slarty_Bartfast"]
[Black "FranzMeM"]
[Result "1-0"]
[WhiteElo "1961"]
[BlackElo "1493"]

1. d4 d5 2. c4 e6 3. Nc3 Bb4 4. Nf3 h6 5. Bd2 Bxc3 6. Bxc3 Nc6 7. e3 Nge7 8. Bd3
b6 9. O-O Ba6 10. cxd5 Bxd3 11. Qxd3 exd5 12. b4 a6 13. a4 Qd7 14. b5 axb5 15.
axb5 Rxa1 16. Rxa1 Qf5 17. Qxf5 Nxf5 18. bxc6 O-O 19. Ra7 Rc8 20. Bb4 g5 21. g4
Ng7 22. h4 f6 23. Kg2 Kf7 24. Bd6 gxh4 25. Rxc7+ Rxc7 26. Bxc7 Ke7 27. Bxb6 Ne6
28. Nxh4 Kd6 29. c7 Nxc7 30. Bxc7+ Kxc7 31. Nf5 Kd7 32. Nxh6 1-0